Statistiken für Gemeinden des Kreises Unna (NRW)

Klicken Sie hier um das Quiz zu spielen!

Allgemein

  • Dieses Quiz wurde 99 mal gespielt
  • Das Durchschnittsergebnis liegt bei 8 aus 10

Antwortstatistiken

Gemeinde% Korrekt
Kamen
94%
Unna
89%
Bergkamen
86%
Lünen
78%
Holzwickede
74%
Bönen
72%
Fröndenberg/Ruhr
71%
Schwerte
68%
Selm
66%
Werne
66%

Verteilung der Resultate

Perzentil nach korrekt beantworteten Fragen

Anzahl Personen mit jedem Resultat

Ihre Resultats-Entwicklung

Sie haben dieses Quiz noch nicht gespielt